Complex variables and the Laplace transform for engineers (Record no. 13856)

000 -LEADER
fixed length control field 00606nam a22002051 4500
001 - CONTROL NUMBER
control field 13856
003 - CONTROL NUMBER IDENTIFIER
control field BD-DhUET
008 - FIXED-LENGTH DATA ELEMENTS--GENERAL INFORMATION
fixed length control field 840622s1961 nyua b 000 0 eng
040 ## - CATALOGING SOURCE
Original cataloging agency DLC
Transcribing agency DLC
Modifying agency BD-DhUET
082 00 - DEWEY DECIMAL CLASSIFICATION NUMBER
Classification number 517.862
Item number LEP/1961
100 ## - MAIN ENTRY--PERSONAL NAME
Personal name LePage, Wilbur R.
245 10 - TITLE STATEMENT
Title Complex variables and the Laplace transform for engineers
250 ## - EDITION STATEMENT
Edition statement 1st ed.
260 ## - PUBLICATION, DISTRIBUTION, ETC. (IMPRINT)
Place of publication, distribution, etc. Bombay
Name of publisher, distributor, etc. McGraw-Hill
Date of publication, distribution, etc. 1961
300 ## - PHYSICAL DESCRIPTION
Extent xvi, 475 p.
Other physical details ill.
Dimensions 24 cm.
490 ## - SERIES STATEMENT
Series statement International series in pure and applied mathematics
504 ## - BIBLIOGRAPHY, ETC. NOTE
Bibliography, etc Includes bibliographies
650 #0 - SUBJECT ADDED ENTRY--TOPICAL TERM
Topical term or geographic name as entry element Calculus - Complex variables
942 ## - ADDED ENTRY ELEMENTS (KOHA)
Koha item type General Book
Holdings
Withdrawn status Damaged status Koha full call number Koha item type Copy number Lost status Koha date last seen Source of classification or shelving scheme Piece designation (barcode) Location (home branch) Date acquired Sublocation or collection (holding branch) Shelving location Not for loan Price effective from Koha normalized classification for sorting
  517.862/LEP/1961General Book1 2015-03-05 40116Central Library, BUET2015-03-05Central Library, BUETCirculation section 2015-03-05517_862000000000000_LEP_1961
  517.862/LEP/1961General Book2 2015-03-05 24385Central Library, BUET2015-03-05Central Library, BUETCirculation section 2015-03-05517_862000000000000_LEP_1961
  517.862/LEP/1961General Book3 2015-03-07 6374Central Library, BUET2015-03-07Central Library, BUETCirculation section 2015-03-07517_862000000000000_LEP_1961
  517.862/LEP/1961General Book4 2015-03-07 51027Central Library, BUET2015-03-07Central Library, BUETCirculation section 2015-03-07517_862000000000000_LEP_1961
  517.862/LEP/1961General Book5 2015-03-07 20963Central Library, BUET2015-03-07Central Library, BUETCirculation section 2015-03-07517_862000000000000_LEP_1961
  517.862/LEP/1961General Book6 2015-03-07 42659Central Library, BUET2015-03-07Central Library, BUETCirculation section 2015-03-07517_862000000000000_LEP_1961
  517.862/LEP/1961General Book7 2015-03-07 40115Central Library, BUET2015-03-07Central Library, BUETCirculation section 2015-03-07517_862000000000000_LEP_1961
  517.862/LEP/1961General Book8 2015-03-07 39671Central Library, BUET2015-03-07Central Library, BUETCirculation section 2015-03-07517_862000000000000_LEP_1961
  517.862/LEP/1961General Book9 2015-03-07 39670Central Library, BUET2015-03-07Central Library, BUETCirculation section 2015-03-07517_862000000000000_LEP_1961
  517.862/LEP/1961General Book10 2015-03-07 42660Central Library, BUET2015-03-07Central Library, BUETCirculation section 2015-03-07517_862000000000000_LEP_1961
  517.862/LEP/1961General Book11 2015-03-09 42661Central Library, BUET2015-03-09Central Library, BUETCirculation section 2015-03-09517_862000000000000_LEP_1961
  517.862/LEP/1961General Book12 2015-03-09 51026Central Library, BUET2015-03-09Central Library, BUETCirculation section 2015-03-09517_862000000000000_LEP_1961
  517.862/LEP/1961General Book13 2015-05-03 2039Central Library, BUET2015-05-03Central Library, BUETCirculation section 2015-05-03517_862000000000000_LEP_1961
  517.862/LEP/1961General Book14 2015-05-03 6375Central Library, BUET2015-05-03Central Library, BUETCirculation section 2015-05-03517_862000000000000_LEP_1961
  517.862/LEP/1961General Book15 2015-05-03 2041Central Library, BUET2015-05-03Central Library, BUETCirculation section 2015-05-03517_862000000000000_LEP_1961
  517.862/LEP/1961General Book16 2015-05-03 2040Central Library, BUET2015-05-03Central Library, BUETCirculation section 2015-05-03517_862000000000000_LEP_1961